| 000 | 00334nam a22001097a 4500 | ||
|---|---|---|---|
| 999 |
_c508521 _d508521 |
||
| 082 | _aT19x5451 An24/1985-86 | ||
| 100 |
_aMahendranath, P. _93226 |
||
| 245 | _aReview of economic trends and state plan, 1985-86 | ||
| 260 |
_aHyderabad _bGovernment of Andhra Pradesh _c1985 |
||
| 300 | _a86p. | ||
| 700 |
_aGovernment of Andhra Pradesh _93227 |
||